[Event "Hamilton Summer op"]
[Site "Hamilton"]
[Date "2010.08.22"]
[Round "4"]
[White "Yuan, Yuanling"]
[Black "Sellars, Karl"]
[Result "1-0"]
[WhiteElo "2362"]
[BlackElo "2208"]
[PlyCount "65"]
[EventDate "2010.08.21"]
[EventType "swiss"]
[EventRounds "5"]
[EventCountry "CAN"]
[SourceTitle "EXT 2022"]
[Source "ChessBase"]
[SourceDate "2021.10.06"]
[SourceVersion "1"]
[SourceVersionDate "2021.10.06"]
[SourceQuality "1"]

1. e4 e6 2. d4 d5 3. Nc3 Nf6 4. e5 Nfd7 5. f4 c5 6. Nf3 Nc6 7. Be3 cxd4 8. Nxd4 Bc5 9. Be2 a6 10. Qd2 Nxd4 11. Bxd4 Bxd4 12. Qxd4 Qb6 13. 0-0-0 Qxd4 14. Rxd4 Nb6 15. a4 Kd8 16. a5 Nd7 17. Na4 Rb8 18. c4 dxc4 19. Rhd1 Ke7 20. Rd6 Re8 21. Bxc4 g5 22. g3 gxf4 23. gxf4 Nf8 24. Nb6 f6 25. b3 fxe5 26. fxe5 Kf7 27. Bd3 Ng6 28. Bxg6+ hxg6 29. R1d3 Rh8 30. Rd8 Re8 31. Kd2 Ke7 32. Rxe8+ Kxe8 33. Ke3 1-0

[Event "Toronto Howard Ridout op"]
[Site "Toronto"]
[Date "2009.10.22"]
[Round "7"]
[White "Sellars, Karl"]
[Black "Al Ganabi, Haqi"]
[Result "1-0"]
[WhiteElo "2268"]
[BlackElo "1882"]
[PlyCount "84"]
[EventDate "2009.09.10"]
[EventType "swiss"]
[EventRounds "8"]
[EventCountry "CAN"]
[SourceTitle "EXT 2011"]
[Source "ChessBase"]
[SourceDate "2010.11.26"]
[SourceVersion "1"]
[SourceVersionDate "2010.11.26"]
[SourceQuality "1"]

1. d4 Nf6 2. c4 e5 3. dxe5 Ng4 4. Bf4 Nc6 5. Nf3 Bb4+ 6. Nbd2 Qe7 7. e3 Ngxe5 8. Nxe5 Nxe5 9. Be2 0-0 10. 0-0 d6 11. Nb3 Ng6 12. Bg3 Be6 13. a3 Bc5 14. Nxc5 dxc5 15. Qa4 Bd7 16. Qa5 b6 17. Qc3 Bc6 18. b4 Rac8 19. Rad1 cxb4 20. axb4 f5 21. Rfe1 Rce8 22. Bf1 h5 23. h3 Qg5 24. Bxc7 Nh4 25. Bg3 Nxg2 26. Bxg2 Bxg2 27. Bf4 Qg6 28. Rd6 Rf6 29. Rxf6 gxf6 30. Kh2 Bxh3 31. Kxh3 Qg4+ 32. Kh2 Qh4+ 33. Kg2 Qg4+ 34. Kf1 Qh3+ 35. Ke2 Qg4+ 36. Kd2 Rd8+ 37. Kc1 Rc8 38. Rd1 Qf3 39. Qc2 a5 40. bxa5 bxa5 41. c5 a4 42. Qc4+ Kh8 1-0

[Event "Toronto Howard Ridout op"]
[Site "Toronto"]
[Date "2009.10.15"]
[Round "6"]
[White "Peng, Bill"]
[Black "Sellars, Karl"]
[Result "1/2-1/2"]
[WhiteElo "2141"]
[BlackElo "2268"]
[PlyCount "52"]
[EventDate "2009.09.10"]
[EventType "swiss"]
[EventRounds "8"]
[EventCountry "CAN"]
[SourceTitle "EXT 2011"]
[Source "ChessBase"]
[SourceDate "2010.11.26"]
[SourceVersion "1"]
[SourceVersionDate "2010.11.26"]
[SourceQuality "1"]

1. e4 e6 2. d4 d5 3. Nc3 Bb4 4. e5 c5 5. a3 Bxc3+ 6. bxc3 Ne7 7. Nf3 Nbc6 8. Be2 0-0 9. 0-0 Bd7 10. Rb1 Qc7 11. Nh4 Ng6 12. Nxg6 fxg6 13. Be3 cxd4 14. cxd4 Rac8 15. Qd3 Na5 16. Bd2 Nc4 17. Bb4 Rfe8 18. Qg3 Ba4 19. Bxc4 Qxc4 20. c3 b6 21. h4 Rc7 22. Rfc1 Rf7 23. Bd6 Qe2 24. Re1 Qd2 25. Qe3 Qxe3 26. Rxe3 Rc8 1/2-1/2

[Event "Toronto Howard Ridout op"]
[Site "Toronto"]
[Date "2009.09.24"]
[Round "3"]
[White "Sellars, Karl"]
[Black "Corvo, Paul"]
[Result "1-0"]
[WhiteElo "2268"]
[BlackElo "1814"]
[PlyCount "43"]
[EventDate "2009.09.10"]
[EventType "swiss"]
[EventRounds "8"]
[EventCountry "CAN"]
[SourceTitle "EXT 2011"]
[Source "ChessBase"]
[SourceDate "2010.11.26"]
[SourceVersion "1"]
[SourceVersionDate "2010.11.26"]
[SourceQuality "1"]

1. e4 e5 2. Nf3 Nc6 3. Bc4 Nf6 4. d3 Bc5 5. 0-0 0-0 6. c3 d6 7. Nbd2 Be6 8. Bb5 a6 9. Ba4 b5 10. Bb3 h6 11. Re1 Ng4 12. Re2 Qe7 13. Nf1 Rad8 14. d4 Bxb3 15. axb3 exd4 16. cxd4 Bb6 17. Ng3 Qf6 18. Nh5 Qe7 19. Nf4 Nxf2 20. Kxf2 Qf6 21. Nd5 Bxd4+ 22. Ke1 1-0

[Event "Scarborough CC-ch"]
[Site "Toronto"]
[Date "2009.04.09"]
[Round "7"]
[White "Lamb, Bryan"]
[Black "Sellars, Karl"]
[Result "0-1"]
[WhiteElo "2237"]
[BlackElo "2209"]
[PlyCount "40"]
[EventDate "2009.02.26"]
[EventType "tourn"]
[EventRounds "9"]
[EventCountry "CAN"]
[SourceTitle "EXT 2011"]
[Source "ChessBase"]
[SourceDate "2010.11.26"]
[SourceVersion "1"]
[SourceVersionDate "2010.11.26"]
[SourceQuality "1"]

1. c4 c5 2. Nf3 Nc6 3. g3 g6 4. d4 cxd4 5. Nxd4 Bg7 6. Nc2 a6 7. a4 Qa5+ 8. Bd2 Qh5 9. Nc3 Nf6 10. Bg2 0-0 11. Ne3 d6 12. Ncd5 Ng4 13. Nxg4 Bxg4 14. h3 Be6 15. Bf3 Qe5 16. Bc3 Qf5 17. Bg4 Bxc3+ 18. Nxc3 Qc5 19. b3 Qb4 20. Rc1 Na5 0-1

[Event "Scarborough CC-ch"]
[Site "Toronto"]
[Date "2009.03.19"]
[Round "4"]
[White "Yuan, Yuanling"]
[Black "Sellars, Karl"]
[Result "1-0"]
[WhiteElo "2234"]
[BlackElo "2209"]
[PlyCount "84"]
[EventDate "2009.02.26"]
[EventType "tourn"]
[EventRounds "9"]
[EventCountry "CAN"]
[SourceTitle "EXT 2011"]
[Source "ChessBase"]
[SourceDate "2010.11.26"]
[SourceVersion "1"]
[SourceVersionDate "2010.11.26"]
[SourceQuality "1"]

1. e4 c5 2. Nf3 d6 3. d4 cxd4 4. Nxd4 Nf6 5. Nc3 g6 6. Be3 Bg7 7. f3 0-0 8. Qd2 Nc6 9. Bc4 Nd7 10. h4 Nb6 11. Bb3 Na5 12. Qd3 e6 13. 0-0-0 d5 14. exd5 exd5 15. Kb1 Re8 16. h5 Nac4 17. Bc1 a5 18. a4 Ne5 19. Qf1 Nc6 20. Ncb5 Nxd4 21. Nxd4 Bd7 22. Nb5 Bc6 23. g4 Qd7 24. c4 Bxb5 25. cxb5 Qd6 26. hxg6 hxg6 27. Qh3 Re2 28. Rd2 Rae8 29. Qf1 Rxd2 30. Bxd2 Nc4 31. Bxc4 dxc4 32. Bxa5 c3 33. Bxc3 Bxc3 34. bxc3 Qa3 35. Qc4 Qd6 36. Kb2 Qf6 37. Kb3 Kg7 38. f4 Re3 39. g5 Qd6 40. a5 Qd8 41. Ka4 b6 42. a6 Qd2 1-0

[Event "Scarborough CC Fall Swiss"]
[Site "Toronto"]
[Date "2008.11.06"]
[Round "2"]
[White "Moran Venegas, Mario"]
[Black "Sellars, Karl"]
[Result "0-1"]
[WhiteElo "1724"]
[BlackElo "2154"]
[PlyCount "88"]
[EventDate "2008.10.30"]
[EventType "swiss"]
[EventRounds "8"]
[EventCountry "CAN"]
[SourceTitle "EXT 2011"]
[Source "ChessBase"]
[SourceDate "2010.11.26"]
[SourceVersion "1"]
[SourceVersionDate "2010.11.26"]
[SourceQuality "1"]

1. f4 g6 2. Nf3 Nf6 3. e3 Bg7 4. Be2 d6 5. 0-0 Nbd7 6. d4 0-0 7. b3 e5 8. fxe5 dxe5 9. Bb2 Re8 10. h3 e4 11. Nh2 h5 12. c4 Qe7 13. Nc3 Bh6 14. Bc1 Nf8 15. Qe1 Bg5 16. c5 Ne6 17. Bc4 c6 18. h4 Bh6 19. Qf2 Bg7 20. Bd2 Nc7 21. Rac1 Be6 22. Bxe6 Qxe6 23. Ne2 Nfd5 24. g3 Rad8 25. Nf4 Nxf4 26. gxf4 Rd5 27. Qg2 Kh7 28. Be1 Bf6 29. Kh1 Qe7 30. Qh3 Ne6 31. f5 Ng7 32. fxg6+ fxg6 33. Rf4 Nf5 34. Bf2 Qe6 35. Rg1 Bd8 36. Nf1 Bc7 37. Bg3 Bxf4 38. Bxf4 Nxd4 39. Qxe6 Nxe6 40. Bd6 Nxc5 41. Bxc5 Rxc5 42. Rg2 Rc1 43. Rf2 Kg7 44. Kg2 Rf8 0-1

[Event "Guelph Winter Pro Am"]
[Site "Guelph"]
[Date "2008.02.02"]
[Round "3"]
[White "Yuan, Yuanling"]
[Black "Sellars, Karl"]
[Result "1-0"]
[WhiteElo "2191"]
[BlackElo "2087"]
[PlyCount "49"]
[EventDate "2008.02.02"]
[EventType "swiss"]
[EventRounds "5"]
[EventCountry "CAN"]
[SourceTitle "EXT 2011"]
[Source "ChessBase"]
[SourceDate "2010.11.26"]
[SourceVersion "1"]
[SourceVersionDate "2010.11.26"]
[SourceQuality "1"]

1. e4 e5 2. Nf3 Nc6 3. Bb5 a6 4. Ba4 Nf6 5. 0-0 b5 6. Bb3 Bb7 7. Re1 Bd6 8. c3 0-0 9. d4 Re8 10. Bg5 h6 11. Bh4 Qe7 12. Nbd2 Rad8 13. a3 g6 14. Nf1 Na5 15. Bc2 Nc4 16. Qc1 Kg7 17. Ne3 Nxe3 18. Qxe3 Qe6 19. dxe5 Bxe5 20. Nxe5 Qxe5 21. Bg3 Qe6 22. Bxc7 Rc8 23. Bf4 g5 24. Bxg5 Ng4 25. Qd4+ 1-0